00848cam a22002414a 4500001000500000005001700005020001800022040003700040050002000077082001200097100002900109245005000138260005900188300004800247490001700295490002900312505000800341520013700349521002900486521002000515650003800535700003300573380320250826143951.0 a9781600449468 aDLCcDLCdBTCTAdBAKERdDLCbeng00aQL737.P96b200800a599.8851 aArmentrout, Davidd1962-10aChimpanzees /cDavid and Patricia Armentrout. aVero Beach, Florida ; bRourke Publishing LLC ; c2008 a24 pages : bcolor illustrations ; c21 cm.0 aAmazing apes0 aRourke discovery library aK  aThis book introduces chimpanzees (great apes), describing their physical characteristics, behavior, habitats, and endangered status. a510 bLexile estimate  aK bRaz-Plus  0aChimpanzeesvJuvenile literature.1 aArmentrout, Patricia,d1960-